000 00618cam a2200229 a 4500
001 000018650
005 20200929165833.0
008 100512s1997 sp 000 0 spa d
020 _a8488242190
040 _aDO-SdBNP
_bspa
_cBNPHU
082 _a299.7
_bC346f
100 1 _aCastaneda, Carlos
_940292
245 1 3 _aEl fuego interno /
_cCarlos Castaneda.
246 1 _aThe fire from within.
250 _a2a ed.
260 _aMadrid :
_bGaia,
_c1997.
300 _a326 p. ;
_c21 cm.
490 1 _aNagual
650 4 _aMitología indigena
_zAmérica Del Norte
_940293
830 0 _aNagual;
_940294
049 _aBNGR
999 _c18170
_d18170